| 000 | 00514nam a2200145Ia 4500 | ||
|---|---|---|---|
| 008 | 231129s2007||||xx |||||||||||||| ||spa|| | ||
| 020 | _a978-958-98067-9-1 | ||
| 040 | _bspa | ||
| 082 | _a616.61 C718g | ||
| 100 | _aColombia. Ministerio de la protección social. | ||
| 245 | 0 | _aPrograma de apoyo a la refoma de la salud. Guia para el manejo de la enfermedad renal crónica. Componente de un modelo de salud renal | |
| 260 | _c2007 | ||
| 264 | _aEl ministerio | ||
| 942 |
_2ddc _cBKS |
||
| 999 |
_c23329 _d23329 |
||